Responses for Show #6668 - Wednesday, September 18, 2013

Jared Hall game 5.

Contestants

[<< previous game]

Jen Yoak, a latent print examiner from Centerville, Ohio

Todd Martin, an administrative services manager from Fairfield, California

Jared Hall, a graduate student in global policy studies from Austin, Texas (whose 4-day cash winnings total $130,401)

[next game >>]

Jeopardy! Round responses

PLAY ACTION
BUTTON HOOK
(Alex: Oh, I sense a trend.)
HAIL MARY
REVERSE
"LAT"-ERAL
ARE YOU READY FOR SOME FOOTBALL?
    $200 11
Equus

Jared
    $200 30
501s

Jared
    $200 16
Mary, Queen of Scots

Jared
    $200 19
a reverse mortgage

Jen
    $200 1
latitude

Jared
    $200 4
Harvard

Todd
    $400 12
(Jared: What is A Midsummer Night's Dream?)
(Todd: What is... Romeo and Juliet?)

As You Like It

JaredTodd
Triple Stumper
    $400 29
(Alex: Yes--Lord [*].)

a cardigan

Jen
    $400 17
Harper's Bazaar

Jared
    $400 20
the purl

Jen
    $400 2
latchkey

Jen
    $400 5
Aaron Rodgers

Todd
    $600 13
A Raisin in the Sun

Triple Stumper
    $600 28
an anchor

Jared
    $600 18
(Jared: What is Ireland?)

Australia

JaredTodd
    $600 21
Reversal of Fortune

Triple Stumper
    $600 3
latkes

Todd
    $1,200 6
(Alex: Hurry.)
(Todd: I don't have it.)

Gallaudet

Todd
    $800 14
Proof

Jared
    $800 27
a Mary Jane

Jen
    $800 24
(Alex: Less than a minute now, Jared.)

Ireland

Triple Stumper
    $800 22
reverse osmosis

Jared
    $800 9
lattice

Todd
    $800 7
(Jared: What are the USC Trojans?)

UCLA (Bruins)

JaredTodd
    $1000 15
Blithe Spirit

Triple Stumper
    $1000 26
(Jared: What is a [*] shirt?)

rugby

Jared
    $1000 25
the Crimean War

Jared
    $1000 23
retrograde

Triple Stumper
    $1000 10
the Latin Quarter

Jared
    $1000 8
Jim Thorpe

Todd

Scores at the first commercial break (after clue 15):

Jared Todd Jen
$1,000 $2,200 $400

Scores at the end of the Jeopardy! Round:

Jared Todd Jen
$4,600 $2,800 $2,200

Double Jeopardy! Round responses

AMERICAN COMPOSERS
NEPO-TV-ISM
MAGAZINES
WHAT'S IT 2 U?
(Alex: There will be two "U"s in each correct response.)
STATES BY NATIONAL PARK SERVICE AREA
GOING FETAL
    $400 11
Scott Joplin

Jared
    $400 23
George C. Scott

Triple Stumper
    $400 1
ESPN

Jared
    $400 16
musclebound

Triple Stumper
    $400 5
Florida

Todd
    $400 21
the heart

Jared
    $800 12
"Stormy Weather"

Triple Stumper
    $800 24
(Alex: Yes, with less than a minute to go.)

Jenny McCarthy

Todd
    $800 2
an airplane

Jared
    $800 17
the Zulu

Todd
    $1,800 6
Pennsylvania

Todd
    $800 22
the umbilical cord

Todd
    $1200 13
Gershwin

Jared
    $1200 25
(Jennifer) Aniston

Jared
    $1200 3
(Alex: From the series Rizzoli & Isles, that is [*].)

Angie Harmon

Triple Stumper
    $1200 18
pursuit

Jared
    $1200 7
New York

Jared
    $1200 29
[The end-of-round signal sounds.]
(Alex: I'm happy to report that Sarah has had a beautiful daughter named Taylor.)

the amniotic fluid

Jen
    $6,000 14
the Juilliard School

Jared
    $1600 26
Bad Company

Todd
    $1600 4
Discover

Triple Stumper
    $1600 19
a usurer

Jared
    $1600 8
Tennessee

Jared
    $2000 15
(Alex: American composer [*].)

Aaron Copland

Triple Stumper
    $2000 27
David Mamet

Jared
    $2000 10
Interview

Jared
    $2000 20
sulfur

Triple Stumper
    $2000 9
California

Jared
    $2000 28
(Christian) Doppler

Todd

Scores at the end of the Double Jeopardy! Round:

Jared Todd Jen
$26,600 $11,000 $3,400
(lock game)

[wagering suggestions for these scores]

Final Jeopardy! Round responses

WORLD WAR II
(Alex: And it was the only side visible to the photographers.)
...
(Alex: That's where the surrender papers were signed.)
JenWhat is the USS Missouri?
$3,399
ToddWhat is the Arizona?
$4,100
JaredWhat is the USS Missouri
$4,000
the USS Missouri

Final scores:

Jared Todd Jen
$30,600 $6,900 $6,799
5-day champion: $161,001 2nd place: $2,000 3rd place: $1,000

Game dynamics:

Coryat scores:

Jared Todd Jen
$22,200 $11,200 $3,400
25 R
(including 1 DD),
3 W
14 R
(including 1 DD),
2 W
(including 1 DD)
6 R,
0 W

Combined Coryat: $36,800

[game clues] [game scores] [suggest correction]

Game tape date: 2013-08-20
The J! Archive is created by fans, for fans. Scraping, republication, monetization, and malicious use prohibited; this site may use cookies and collect identifying information. See terms. The Jeopardy! game show and all elements thereof, including but not limited to copyright and trademark thereto, are the property of Jeopardy Productions, Inc. and are protected under law. This website is not affiliated with, sponsored by, or operated by Jeopardy Productions, Inc. Join the discussion at JBoard.tv.